000 00590nam a2200229Ia 4500
005 20260320201621.0
008 008 262003s9999 xx 000 0 eng d
037 _aEBOOK
040 _aCRL
040 _beng
040 _cCRL
041 _2eng
041 _aeng
084 _qCRL
100 _aHanda
_91135501
245 0 _aImplementing Enterprise Cybersecurity with Open-Source Software and Standard Architecture
260 _bIEEE
856 _uhttps://ieeexplore.ieee.org/servlet/opac?bknumber=9514762
942 _cEBOOK
999 _c1722450
_d1722450